Динамические процессы в технологии машиностроения. Основы конструирования машин: учебное пособие

التفاصيل البيبلوغرافية
المؤلف الرئيسي: Зубарев Ю. М. Юрий Михайлович
الملخص:Учебное пособие посвящено изложению основных вопросов, связанных с конструированием машин и механизмов, исходя из их функций, моделей, функциональных параметров и структуры. Значительное внимание уделяется динамике машин и технологической системе, включающей металлорежущий станок — приспособление — инструмент — обрабатываемую заготовку. Излагаются основные положения прикладной теории механических колебаний. Рассматриваются наиболее важные аспекты теории колебаний в приложении к технологической системе механической обработки заготовок деталей машин. Учебное пособие предназначено для бакалавров и магистров, обучающихся по направлениям "Машиностроение", "Технологические машины и оборудование", "Автоматизация технологических процессов и производств", "Конструкторско-технологическое обеспечение машиностроительных производств". Оно также будет полезно для инженерно-технических работников машиностроительных предприятий, НИИ и КБ.
اللغة:الروسية
منشور في: Санкт-Петербург, Лань, 2018
سلاسل:Бакалавриат и магистратура
Учебники для вузов. Специальная литература
الموضوعات:
التنسيق: كتاب
KOHA link:https://koha.lib.tpu.ru/cgi-bin/koha/opac-detail.pl?biblionumber=341645

MARC

LEADER 00000nam0a2200000 4500
001 341645
005 20231102005352.0
010 |a 9785811429905 
035 |a (RuTPU)RU\TPU\book\369864 
090 |a 341645 
100 |a 20181017d2018 m y0rusy50 ca 
101 0 |a rus 
102 |a RU 
105 |a a j 001zy 
200 1 |a Динамические процессы в технологии машиностроения. Основы конструирования машин  |e учебное пособие  |f Ю. М. Зубарев 
210 |a Санкт-Петербург  |c Лань  |d 2018 
215 |a 212 с.  |c ил. 
225 1 |a Бакалавриат и магистратура 
225 1 |a Учебники для вузов. Специальная литература 
320 |a Библиогр.: с. 205-209 
330 |a Учебное пособие посвящено изложению основных вопросов, связанных с конструированием машин и механизмов, исходя из их функций, моделей, функциональных параметров и структуры. Значительное внимание уделяется динамике машин и технологической системе, включающей металлорежущий станок — приспособление — инструмент — обрабатываемую заготовку. Излагаются основные положения прикладной теории механических колебаний. Рассматриваются наиболее важные аспекты теории колебаний в приложении к технологической системе механической обработки заготовок деталей машин. Учебное пособие предназначено для бакалавров и магистров, обучающихся по направлениям "Машиностроение", "Технологические машины и оборудование", "Автоматизация технологических процессов и производств", "Конструкторско-технологическое обеспечение машиностроительных производств". Оно также будет полезно для инженерно-технических работников машиностроительных предприятий, НИИ и КБ. 
606 1 |a Технология машиностроения  |2 stltpush  |3 (RuTPU)RU\TPU\subj\60151  |9 77640 
610 1 |a динамические процессы 
610 1 |a колебания 
610 1 |a вибрации 
610 1 |a машины 
610 1 |a машинные агрегаты 
610 1 |a динамические модели 
610 1 |a технологические системы 
610 1 |a динамическая точность 
610 1 |a качество 
610 1 |a механизмы 
610 1 |a функции 
610 1 |a структура 
610 1 |a проектирование 
610 1 |a учебные пособия 
675 |a 621.002(075.8)  |v 4 
700 1 |a Зубарев  |b Ю. М.  |g Юрий Михайлович 
801 1 |a RU  |b 63413507  |c 20181017 
801 2 |a RU  |b 63413507  |c 20191213  |g RCR 
942 |c BK 
959 |a 1/20180221  |d 1  |e 865,00  |f ЧЗТЛ:1